000 01618nam0a22004571 4500
001 RU\NLR\A1SV\106202
005 20260121095323.0
035 _a(NLR Aleph) 009787555
090 _a10122784
_c10122784
100 _a20100820d1925 u y0rusy50 ca
101 0 _arus
102 _aRU
200 1 _aПротоколы заседаний Исполнительного комитета и Бюро ИК
_fЦентрархив
_fПодготовлено к печати Б.Я.Наливайским
_gС предисл. Я.А.Яковлева
210 _aМ.
_aЛ.
_cГос. изд.
_d1925
215 _a375 с.
_d23 см
225 _a1917 год в документах и материалах
_fПод ред. М.Н.Покровского и Я.А.Яковлева
_fПетрогр. совет р. и с. д.
620 _dМосква
620 _dСанкт-Петербург
702 1 _aНаливайский
_bБ. Я.
702 1 _aЯковлев
_bЯ. А.
_f1896-1938
_gЯков Аркадьевич
710 0 2 _aПетроградский совет р. и с. д.
_bИсполнительный ком.
801 0 _aRU
_bNLR
_c20100820
852 _aNLR
_j17.153.2.50
852 _aNLR
_j17.153.2.50а
852 _aNLR
_j17.153.2.50б
899 _aЗНБ СГУ
899 _aГИМ
899 _aУОНБ
899 _aГПИБ
899 _aРГБ
899 _aТОУНБ
899 _aСамОУНБ
899 _aНБ КемГУ
899 _aСПбГУ
899 _aМГУ
899 _aSLK
899 _aNDLT
942 _cBOOK
980 _aA1SV
980 _aNB